{"text_format":"3","workbook":"xlsx","n_sheets":1,"sheets":["t447"],"read":"whole","date_system":"1900"}

{"sheet":"t447","index":0,"n_rows":186,"n_cols":7,"rows_kept":186,"merged":[[0,0,0,6],[30,0,30,5],[49,0,49,5],[153,0,153,5]]}
["TABELA 447.1 - Estatísticas Agrícolas, Município de Porangaba, Estado de São Paulo, 2007/08."]
["ITEM","UNIDADE","N.DE UPAs","MÍNIMO","MÉDIO","MÁXIMO","TOTAL"]
["Distância à sede do município","km",793,0.1,{"v":8.89,"d":"8.9"},{"v":35,"d":"35.0"},"-"]
["Área total","hectare",793,0.1,{"v":29.99,"d":"30.0"},{"v":900,"d":"900.0"},{"v":23786,"d":"23,786.0"}]
["Área com cultura perene","hectare",88,0.1,0.3,1.5,26.7]
["Área com cultura temporária","hectare",346,0.1,{"v":3.46,"d":"3.5"},{"v":200,"d":"200.0"},{"v":1198.7,"d":"1,198.7"}]
["Área com pastagem","hectare",767,0.1,{"v":24.85,"d":"24.9"},860.2,{"v":19056.6,"d":"19,056.6"}]
["Área com reflorestamento","hectare",136,0.1,{"v":2.67,"d":"2.7"},232.9,362.8]
["Área com vegetação natural","hectare",566,0.1,{"v":3.79,"d":"3.8"},{"v":480,"d":"480.0"},{"v":2144.4,"d":"2,144.4"}]
["Área com vegetação de brejo e várzea","hectare",4,1.4,{"v":12.95,"d":"13.0"},{"v":24,"d":"24.0"},51.8]
["Área em descanso","hectare",18,0.1,{"v":33.34,"d":"33.3"},{"v":460,"d":"460.0"},600.2]
["Área complementar","hectare",668,0.1,{"v":0.52,"d":"0.5"},17.8,344.8]
["Área das UPAs com (0, 1] ha","hectare",17,0.1,{"v":0.45,"d":"0.5"},0.9,7.7]
["Área das UPAs com (1, 2] ha","hectare",36,1.2,{"v":1.48,"d":"1.5"},{"v":2,"d":"2.0"},53.2]
["Área das UPAs com (2, 5] ha","hectare",159,2.1,3.7,{"v":5,"d":"5.0"},587.8]
["Área das UPAs com (5, 10] ha","hectare",140,5.1,{"v":7.78,"d":"7.8"},{"v":10,"d":"10.0"},{"v":1089.6,"d":"1,089.6"}]
["Área das UPAs com (10, 20] ha","hectare",164,10.2,{"v":14.56,"d":"14.6"},{"v":20,"d":"20.0"},{"v":2387.2,"d":"2,387.2"}]
["Área das UPAs com (20, 50] ha","hectare",175,20.2,{"v":30.03,"d":"30.0"},{"v":50,"d":"50.0"},{"v":5254.9,"d":"5,254.9"}]
["Área das UPAs com (50, 100] ha","hectare",68,50.2,{"v":69.59,"d":"69.6"},98.4,{"v":4731.9,"d":"4,731.9"}]
["Área das UPAs com (100, 200] ha","hectare",17,104.1,{"v":146.57,"d":"146.6"},196.8,{"v":2491.7,"d":"2,491.7"}]
["Área das UPAs com (200, 500] ha","hectare",12,208.9,280.3,485.8,{"v":3363.6,"d":"3,363.6"}]
["Área das UPAs com (500, 1.000] ha","hectare",5,{"v":600,"d":"600.0"},{"v":763.68,"d":"763.7"},{"v":900,"d":"900.0"},{"v":3818.4,"d":"3,818.4"}]
["Área das UPAs com (1.000, 2.000] ha","hectare","-","-","-","-","-"]
["Área das UPAs com (2.000, 5.000] ha","hectare","-","-","-","-","-"]
["Área das UPAs com (5.000, 10.000] ha","hectare","-","-","-","-","-"]
["Área das UPAs acima de 10.000 ha","hectare","-","-","-","-","-"]
["Familiares do proprietário que trabalham na UPA","unidade",533,{"v":1,"d":"1.0"},{"v":1.62,"d":"1.6"},{"v":12,"d":"12.0"},{"v":863,"d":"863.0"}]
["Trabalhadores permanentes","unidade",194,{"v":1,"d":"1.0"},{"v":1.69,"d":"1.7"},{"v":10,"d":"10.0"},{"v":328,"d":"328.0"}]
["Fonte: Secretaria de Agricultura e Abastecimento, CDRS/IEA, Projeto LUPA."]
[]
["TABELA 447.2 - Explorações Animais, Município de Porangaba, Estado de São Paulo, 2007/08."]
["ITEM","UNIDADE","N.DE UPAs","MÍNIMO","MÉDIO","MÁXIMO","TOTAL"]
["Apicultura","colmeias",3,{"v":1,"d":"1.0"},{"v":12,"d":"12.0"},{"v":30,"d":"30.0"},{"v":36,"d":"36.0"}]
["Asininos E Muares","cabeças",57,{"v":1,"d":"1.0"},{"v":2.95,"d":"3.0"},{"v":30,"d":"30.0"},{"v":168,"d":"168.0"}]
["Avicultura de Corte","cabeças/ano",102,{"v":8,"d":"8.0"},{"v":127638.02,"d":"127,638.0"},{"v":925000,"d":"925,000.0"},{"v":13019078,"d":"13,019,078.0"}]
["Avicultura Ornamental/Decorativa/Exótica","cabeças",4,{"v":1,"d":"1.0"},{"v":51.25,"d":"51.3"},{"v":200,"d":"200.0"},{"v":205,"d":"205.0"}]
["Avicultura para Ovos","cabeças",3,{"v":5,"d":"5.0"},{"v":11,"d":"11.0"},{"v":20,"d":"20.0"},{"v":33,"d":"33.0"}]
["Bovinocultura de Corte","cabeças",31,{"v":8,"d":"8.0"},{"v":102.23,"d":"102.2"},{"v":611,"d":"611.0"},{"v":3169,"d":"3,169.0"}]
["Bovinocultura Leiteira","cabeças",29,{"v":2,"d":"2.0"},{"v":41.41,"d":"41.4"},{"v":134,"d":"134.0"},{"v":1201,"d":"1,201.0"}]
["Bovinocultura Mista","cabeças",567,{"v":1,"d":"1.0"},{"v":36.34,"d":"36.3"},{"v":570,"d":"570.0"},{"v":20605,"d":"20,605.0"}]
["Bubalinocultura","cabeças",2,{"v":19,"d":"19.0"},{"v":42,"d":"42.0"},{"v":65,"d":"65.0"},{"v":84,"d":"84.0"}]
["Caprinocultura","cabeças",12,{"v":1,"d":"1.0"},{"v":5.08,"d":"5.1"},{"v":18,"d":"18.0"},{"v":61,"d":"61.0"}]
["Equinocultura","cabeças",335,{"v":1,"d":"1.0"},{"v":3.16,"d":"3.2"},{"v":100,"d":"100.0"},{"v":1058,"d":"1,058.0"}]
["Minhocultura","canteiros",1,{"v":5,"d":"5.0"},{"v":5,"d":"5.0"},{"v":5,"d":"5.0"},{"v":5,"d":"5.0"}]
["Ovinocultura","cabeças",28,{"v":1,"d":"1.0"},{"v":49.07,"d":"49.1"},{"v":800,"d":"800.0"},{"v":1374,"d":"1,374.0"}]
["Piscicultura","m² tanques",1,{"v":1500,"d":"1,500.0"},{"v":1500,"d":"1,500.0"},{"v":1500,"d":"1,500.0"},{"v":1500,"d":"1,500.0"}]
["Suinocultura","cabeças",36,{"v":1,"d":"1.0"},{"v":15.97,"d":"16.0"},{"v":150,"d":"150.0"},{"v":575,"d":"575.0"}]
["Fonte: Secretaria de Agricultura e Abastecimento, CDRS/IEA, Projeto LUPA."]
[]
["TABELA 447.3 -  Máquinas, Implementos e Benfeitorias, Município de Porangaba, Estado de São Paulo, 2007/08."]
["ITEM","UNIDADE","N.DE UPAs","MÍNIMO","MÉDIO","MÁXIMO","TOTAL"]
["Arado Comum (Bacia, Aiveca)","Unidade",73,{"v":1,"d":"1.0"},{"v":1.04,"d":"1.0"},{"v":2,"d":"2.0"},{"v":76,"d":"76.0"}]
["Arado Escarificador","Unidade",9,{"v":1,"d":"1.0"},{"v":1.22,"d":"1.2"},{"v":3,"d":"3.0"},{"v":11,"d":"11.0"}]
["Arado Subsolador","Unidade",12,{"v":1,"d":"1.0"},{"v":1,"d":"1.0"},{"v":1,"d":"1.0"},{"v":12,"d":"12.0"}]
["Batedeira de Cereais","Unidade",4,{"v":1,"d":"1.0"},{"v":1,"d":"1.0"},{"v":1,"d":"1.0"},{"v":4,"d":"4.0"}]
["Câmara Fria","Unidade",1,{"v":1,"d":"1.0"},{"v":1,"d":"1.0"},{"v":1,"d":"1.0"},{"v":1,"d":"1.0"}]
["Colhedeira Acoplada","Unidade",4,{"v":1,"d":"1.0"},1.5,{"v":3,"d":"3.0"},{"v":6,"d":"6.0"}]
["Computador","Unidade",5,{"v":1,"d":"1.0"},{"v":1,"d":"1.0"},{"v":1,"d":"1.0"},{"v":5,"d":"5.0"}]
["Conj.Irrigação Autopropelido","Unidade",1,{"v":1,"d":"1.0"},{"v":1,"d":"1.0"},{"v":1,"d":"1.0"},{"v":1,"d":"1.0"}]
["Conj.Irrigação Convencional","Unidade",6,{"v":1,"d":"1.0"},{"v":2,"d":"2.0"},{"v":5,"d":"5.0"},{"v":12,"d":"12.0"}]
["Conj.Irrigação/Gotejamento/Microaspersão","Unidade",1,{"v":1,"d":"1.0"},{"v":1,"d":"1.0"},{"v":1,"d":"1.0"},{"v":1,"d":"1.0"}]
["Conjunto de Fenação","Unidade",2,{"v":1,"d":"1.0"},{"v":1,"d":"1.0"},{"v":1,"d":"1.0"},{"v":2,"d":"2.0"}]
["Desintegrador, Picador, Triturador","Unidade",255,{"v":1,"d":"1.0"},{"v":1.06,"d":"1.1"},{"v":3,"d":"3.0"},{"v":271,"d":"271.0"}]
["Distribuidor de Calcário","Unidade",9,{"v":1,"d":"1.0"},{"v":1.22,"d":"1.2"},{"v":2,"d":"2.0"},{"v":11,"d":"11.0"}]
["Ensiladeira","Unidade",24,{"v":1,"d":"1.0"},{"v":1.25,"d":"1.3"},{"v":4,"d":"4.0"},{"v":30,"d":"30.0"}]
["Grade Aradora (Tipo Romi)","Unidade",32,{"v":1,"d":"1.0"},{"v":1.03,"d":"1.0"},{"v":2,"d":"2.0"},{"v":33,"d":"33.0"}]
["Grade Niveladora","Unidade",49,{"v":1,"d":"1.0"},{"v":1.08,"d":"1.1"},{"v":3,"d":"3.0"},{"v":53,"d":"53.0"}]
["Implementos para Tração Animal","Unidade",10,{"v":1,"d":"1.0"},3.3,{"v":10,"d":"10.0"},{"v":33,"d":"33.0"}]
["Microtrator","Unidade",4,{"v":1,"d":"1.0"},{"v":1,"d":"1.0"},{"v":1,"d":"1.0"},{"v":4,"d":"4.0"}]
["Misturador de Ração","Unidade",9,{"v":1,"d":"1.0"},{"v":1.22,"d":"1.2"},{"v":2,"d":"2.0"},{"v":11,"d":"11.0"}]
["Ordenhadeira Mecânica","Unidade",13,{"v":1,"d":"1.0"},{"v":1.08,"d":"1.1"},{"v":2,"d":"2.0"},{"v":14,"d":"14.0"}]
["Pulverizador Tratorizado","Unidade",4,{"v":1,"d":"1.0"},{"v":1.25,"d":"1.3"},{"v":2,"d":"2.0"},{"v":5,"d":"5.0"}]
["Resfriador de Leite, Tanque Expansão","Unidade",11,{"v":1,"d":"1.0"},{"v":1.27,"d":"1.3"},{"v":3,"d":"3.0"},{"v":14,"d":"14.0"}]
["Semeadeira/Adubadeira para Plantio Convencional","Unidade",22,{"v":1,"d":"1.0"},{"v":1.14,"d":"1.1"},{"v":3,"d":"3.0"},{"v":25,"d":"25.0"}]
["Semeadeira/Plantadeira Plantio Direto","Unidade",5,{"v":1,"d":"1.0"},{"v":1,"d":"1.0"},{"v":1,"d":"1.0"},{"v":5,"d":"5.0"}]
["Terraceador","Unidade",1,{"v":1,"d":"1.0"},{"v":1,"d":"1.0"},{"v":1,"d":"1.0"},{"v":1,"d":"1.0"}]
["Trator de Pneus","Unidade",106,{"v":1,"d":"1.0"},{"v":1.21,"d":"1.2"},{"v":4,"d":"4.0"},{"v":128,"d":"128.0"}]
["Açude/Represa","Unidade",532,{"v":1,"d":"1.0"},{"v":2.05,"d":"2.1"},{"v":15,"d":"15.0"},{"v":1091,"d":"1,091.0"}]
["Adega Cantina","Unidade",1,{"v":1,"d":"1.0"},{"v":1,"d":"1.0"},{"v":1,"d":"1.0"},{"v":1,"d":"1.0"}]
["Almoxarifado/Oficina","Unidade",11,{"v":1,"d":"1.0"},{"v":1.09,"d":"1.1"},{"v":2,"d":"2.0"},{"v":12,"d":"12.0"}]
["Armazém para Grãos Ensacados","Sacas",5,{"v":1,"d":"1.0"},1.2,{"v":2,"d":"2.0"},{"v":6,"d":"6.0"}]
["Balança para Bovinos","Unidade",11,{"v":1,"d":"1.0"},{"v":1,"d":"1.0"},{"v":1,"d":"1.0"},{"v":11,"d":"11.0"}]
["Barracão para Granja/Avicultura","Unidade",117,{"v":1,"d":"1.0"},{"v":2.09,"d":"2.1"},{"v":8,"d":"8.0"},{"v":244,"d":"244.0"}]
["Barracão/Galpão/Garagem","Unidade",325,{"v":1,"d":"1.0"},{"v":1.34,"d":"1.3"},{"v":7,"d":"7.0"},{"v":434,"d":"434.0"}]
["Biodigestor","Unidade",1,{"v":2,"d":"2.0"},{"v":2,"d":"2.0"},{"v":2,"d":"2.0"},{"v":2,"d":"2.0"}]
["Casa de Moradia Habitada","Unidade",470,{"v":1,"d":"1.0"},1.5,{"v":11,"d":"11.0"},{"v":704,"d":"704.0"}]
["Casa de Moradia Total","Unidade",439,{"v":1,"d":"1.0"},{"v":1.87,"d":"1.9"},{"v":12,"d":"12.0"},{"v":820,"d":"820.0"}]
["Curral/Mangueira","Unidade",498,{"v":1,"d":"1.0"},1.1,{"v":6,"d":"6.0"},{"v":547,"d":"547.0"}]
["Depósito/Tulha","Unidade",193,{"v":1,"d":"1.0"},{"v":1.19,"d":"1.2"},{"v":10,"d":"10.0"},{"v":229,"d":"229.0"}]
["Engenho","Unidade",5,{"v":1,"d":"1.0"},1.6,{"v":4,"d":"4.0"},{"v":8,"d":"8.0"}]
["Estábulo","Unidade",10,{"v":1,"d":"1.0"},1.2,{"v":3,"d":"3.0"},{"v":12,"d":"12.0"}]
["Estufa/Plasticultura","m²",2,{"v":4,"d":"4.0"},{"v":377,"d":"377.0"},{"v":750,"d":"750.0"},{"v":754,"d":"754.0"}]
["Fábrica de Farinha","Unidade",1,{"v":1,"d":"1.0"},{"v":1,"d":"1.0"},{"v":1,"d":"1.0"},{"v":1,"d":"1.0"}]
["Fábrica de Ração","Unidade",2,{"v":1,"d":"1.0"},{"v":1,"d":"1.0"},{"v":1,"d":"1.0"},{"v":2,"d":"2.0"}]
["Instalações para Equinos","Unidade",21,{"v":1,"d":"1.0"},{"v":10.86,"d":"10.9"},{"v":100,"d":"100.0"},{"v":228,"d":"228.0"}]
["Olaria","Unidade",5,{"v":1,"d":"1.0"},1.4,{"v":2,"d":"2.0"},{"v":7,"d":"7.0"}]
["Pocilga","Unidade",33,{"v":1,"d":"1.0"},{"v":1.21,"d":"1.2"},{"v":5,"d":"5.0"},{"v":40,"d":"40.0"}]
["Poço Semi-Artesiano","Unidade",75,{"v":1,"d":"1.0"},{"v":1.28,"d":"1.3"},{"v":5,"d":"5.0"},{"v":96,"d":"96.0"}]
["Secador de Grãos","Unidade",1,{"v":1,"d":"1.0"},{"v":1,"d":"1.0"},{"v":1,"d":"1.0"},{"v":1,"d":"1.0"}]
["Silo para Grãos","t",3,{"v":1,"d":"1.0"},{"v":1.33,"d":"1.3"},{"v":2,"d":"2.0"},{"v":4,"d":"4.0"}]
["Silo para Silagem","t",8,{"v":1,"d":"1.0"},144.5,{"v":450,"d":"450.0"},{"v":1156,"d":"1,156.0"}]
["Terreiro","m²",16,{"v":1,"d":"1.0"},{"v":197.31,"d":"197.3"},{"v":1000,"d":"1,000.0"},{"v":3157,"d":"3,157.0"}]
["Fonte: Secretaria de Agricultura e Abastecimento, CDRS/IEA, Projeto LUPA."]
[]
["TABELA 447.4 - Outras Estatísticas Agrícolas, Município de Porangaba, Estado de São Paulo, 2007/08."]
["ITEM","Número de UPAs",null,"Percentual"]
["Faz Parte de Associação de Produtores",125,null,{"v":15.762925598991172,"d":"15.8"}]
["Faz Parte de Cooperativa de Produtores",27,null,{"v":3.4047919293820934,"d":"3.4"}]
["Faz Parte do Sindicato de Produtores",264,null,{"v":33.29129886506936,"d":"33.3"}]
["Não utiliza assistência técnica ",393,null,{"v":49.558638083228246,"d":"49.6"}]
["Utiliza somente assistência técnica governamental ",304,null,{"v":38.33543505674653,"d":"38.3"}]
["Utiliza somente assistência técnica privada ",59,null,{"v":7.440100882723834,"d":"7.4"}]
["Utiliza assistência técnica tanto governamental quanto privada",37,null,{"v":4.665825977301387,"d":"4.7"}]
["Utiliza Crédito Rural",44,null,{"v":5.548549810844892,"d":"5.5"}]
["Utiliza Seguro Rural",19,null,{"v":2.3959646910466583,"d":"2.4"}]
["Utiliza Escrituração Agrícola",22,null,{"v":2.774274905422446,"d":"2.8"}]
["Acessa Internet p/ Fins na Agropecuária",25,null,{"v":3.1525851197982346,"d":"3.2"}]
["Utiliza Computador nas Atividades Agropecuárias",18,null,{"v":2.269861286254729,"d":"2.3"}]
["Utiliza Energia Elétrica Para Uso na Atividade Agrícola",570,null,{"v":71.87894073139975,"d":"71.9"}]
["Realiza Análise de Solo, quando necessário",47,null,{"v":5.926860025220681,"d":"5.9"}]
["Utiliza Práticas de Conservação de Solo, quando necessário",98,null,{"v":12.358133669609078,"d":"12.4"}]
["Faz Adubação Mineral, quando necessário",94,null,{"v":11.853720050441362,"d":"11.9"}]
["Faz Adubação Orgânica, quando necessário",171,null,{"v":21.563682219419924,"d":"21.6"}]
["Faz Adubação Verde, quando necessário",15,null,{"v":1.8915510718789408,"d":"1.9"}]
["Utiliza Manejo Integrado de Pragas (MIP)",3,null,{"v":0.37831021437578816,"d":"0.4"}]
["Utiliza Hidroponia","-",null,"-"]
["Utiliza Plasticultura",3,null,{"v":0.37831021437578816,"d":"0.4"}]
["Utiliza Mudas Fiscalizadas",5,null,{"v":0.6305170239596469,"d":"0.6"}]
["Utiliza Semente Melhorada",178,null,{"v":22.446406052963432,"d":"22.4"}]
["Faz Confinamento de Bovinos",11,null,{"v":1.3871374527112232,"d":"1.4"}]
["Utiliza Pastejo Intensivo",33,null,{"v":4.16141235813367,"d":"4.2"}]
["Faz Inseminação Artificial",19,null,{"v":2.3959646910466583,"d":"2.4"}]
["Faz Mineralização do Rebanho",512,null,{"v":64.56494325346785,"d":"64.6"}]
["Faz Vermifugação do Rebanho",558,null,{"v":70.3656998738966,"d":"70.4"}]
["Possui Parceiros /Arrendatários na Exploração Animal",118,null,{"v":14.880201765447667,"d":"14.9"}]
["Esporte e lazer",5,null,{"v":0.6305170239596469,"d":"0.6"}]
["Extração mineral","-",null,"-"]
["Hotel Fazenda, Pousada ou SPA",1,null,{"v":0.1261034047919294,"d":"0.1"}]
["Pesque-pague","-",null,"-"]
["Restaurante ou Lanchonete","-",null,"-"]
["Transformação artesanal","-",null,"-"]
["Turismo rural ou ecoturismo","-",null,"-"]
["Outras atividades econômicas rurais","-",null,"-"]
["Agroindústria","-",null,"-"]
["Proprietário sem instrução ou com instrução incompleta",186,null,{"v":23.455233291298864,"d":"23.5"}]
["Proprietário com antigo primário completo",303,null,{"v":38.20933165195461,"d":"38.2"}]
["Proprietário com 1° grau (ou antigo ginasial) completo",69,null,{"v":8.701134930643127,"d":"8.7"}]
["Proprietário com 2° grau (ou antigo colegial) completo",99,null,{"v":12.484237074401008,"d":"12.5"}]
["Proprietário com curso superior completo ",135,null,{"v":17.023959646910466,"d":"17.0"}]
["Pessoa Jurídica",1,null,{"v":0.1261034047919294,"d":"0.1"}]
["Proprietário residente na própria UPA ",249,null,{"v":31.399747793190418,"d":"31.4"}]
["Fonte: Secretaria de Agricultura e Abastecimento, CDRS/IEA, Projeto LUPA."]
[]
["TABELA 447.5 - Área Cultivada, Município de Porangaba, Estado de São Paulo, 2007/08."]
["CULTURA","N.DE UPAs","MÍNIMO","MÉDIO","MÁXIMO","TOTAL"]
["Gramas",434,0.3,17.6,{"v":430,"d":"430.0"},{"v":7639.3,"d":"7,639.3"}]
["Braquiaria",256,0.1,24.3,650.4,{"v":6219.8,"d":"6,219.8"}]
["Capim-jaragua",158,0.1,{"v":29.82,"d":"29.8"},430.2,{"v":4710.8,"d":"4,710.8"}]
["Milho",165,0.1,4.1,76.8,{"v":676,"d":"676.0"}]
["Cana-de-acucar",249,0.1,{"v":2.09,"d":"2.1"},{"v":200,"d":"200.0"},519.8]
["Eucalipto",135,0.1,{"v":2.66,"d":"2.7"},232.9,358.8]
["Capim-napier (ou capim-elefante)",107,0.1,{"v":1.68,"d":"1.7"},67.3,{"v":180,"d":"180.0"}]
["Coloniao",10,{"v":1,"d":"1.0"},{"v":17.15,"d":"17.2"},70.5,171.5]
["Outras gramineas para pastagem",5,3.4,{"v":23.26,"d":"23.3"},39.7,116.3]
["Pomar domestico",75,0.1,{"v":0.29,"d":"0.3"},1.5,21.4]
["Milho-silagem",3,2.4,{"v":4,"d":"4.0"},4.8,{"v":12,"d":"12.0"}]
["Setaria",1,11.2,11.2,11.2,11.2]
["Feijao",13,0.1,0.7,1.2,9.1]
["Arroz",8,0.1,{"v":1.01,"d":"1.0"},2.4,8.1]
["Capim-gordura",1,7.7,7.7,7.7,7.7]
["Maracuja",1,{"v":5,"d":"5.0"},{"v":5,"d":"5.0"},{"v":5,"d":"5.0"},{"v":5,"d":"5.0"}]
["Outras florestais",1,3.6,3.6,3.6,3.6]
["Laranja",6,0.1,{"v":0.52,"d":"0.5"},{"v":1,"d":"1.0"},3.1]
["Mandioca",6,0.1,{"v":0.23,"d":"0.2"},0.6,1.4]
["Cafe",5,0.1,{"v":0.22,"d":"0.2"},0.6,1.1]
["Horta domestica",2,0.3,0.4,0.5,0.8]
["Acerola (ou cereja-das-antilhas)",1,0.6,0.6,0.6,0.6]
["Outras olericolas",2,0.1,0.2,0.3,0.4]
["Pinus",1,0.4,0.4,0.4,0.4]
["Banana",2,0.1,0.2,0.3,0.4]
["Abobora (ou jerimum)",1,0.3,0.3,0.3,0.3]
["Sorgo",1,0.3,0.3,0.3,0.3]
["Uva fina",1,0.1,0.1,0.1,0.1]
["Pimentao",1,0.1,0.1,0.1,0.1]
["Alface",1,0.1,0.1,0.1,0.1]
["Fonte: Secretaria de Agricultura e Abastecimento, CDRS/IEA, Projeto LUPA."]